000 00660nam a2200241Ia 4500
003 OSt
005 20220923224952.0
006 a|||||r|||| 00| 0
007 ta
008 220922b |||||||| |||| 00| 0 hin d
024 _a254,467
037 _cTextual
040 _aARTS
_cARTS
_bhin
041 _2hin
_ahin
082 _aO152,3N41x, M9
100 _aमनमौजी
245 0 _aन्याय के धाम पर
246 _aNyāya ke dhām para
260 _c1989
650 _aहिन्दी साहित्य
_9156264
942 _hO152,3N41x, M9
_cTEXL
_2CC
999 _c375087
_d375087